000 00475nam a2200193Ia 4500
005 20250923144402.0
008 008 250917s9999 xx 000 0 eng d
037 _aReports
040 _aDSWL
_beng
_cDSWL
041 _aeng
_2eng
084 _qDSWL
245 0 _aDamodar Valley
_cby Publications Div India.
260 _aNew Delhi
_bDeelhi Manager of Pub
300 _a66 p.
365 _aINR
_b1.8
925 _g1.8
942 _cREP
999 _c1438186
_d1438186